Nghiên cứu biện pháp làm giảm mật số vi sinh vật của nước thải nhà máy chế biến tôm sau giai đoạn thí nghiệm xử lý đạm và lân : Luận văn tốt nghiệp đại học. Chuyên ngành Môi trường & QLTNTN

Làm giảm mật số vi sinh vật trong nước thải nhà máy chế biến t6m sau giai đoạn thí nghiệm xử lý đạm và lân, không có dư lượng hóa chất sau khi xử lý.

Uloženo v:
Podrobná bibliografie
Hlavní autor: Nguyễn, Thị Mỹ Nhi
Médium: Kniha
Jazyk:Undetermined
Vydáno: Cần Thơ Trường Đại học Cần Thơ 2010
Témata:
Tagy: Přidat tag
Žádné tagy, Buďte první, kdo otaguje tento záznam!
Thư viện lưu trữ: Trung tâm Học liệu Trường Đại học Cần Thơ
LEADER 01168nam a2200217Ia 4500
001 CTU_165347
008 210402s9999 xx 000 0 und d
082 |a 628.3 
082 |b Nh300 
100 |a Nguyễn, Thị Mỹ Nhi 
245 0 |a Nghiên cứu biện pháp làm giảm mật số vi sinh vật của nước thải nhà máy chế biến tôm sau giai đoạn thí nghiệm xử lý đạm và lân : 
245 0 |b Luận văn tốt nghiệp đại học. Chuyên ngành Môi trường & QLTNTN 
245 0 |c Nguyễn Thị Mỹ Nhi ; Cán bộ hướng dẫn: Lê Anh Kha 
260 |a Cần Thơ 
260 |b Trường Đại học Cần Thơ 
260 |c 2010 
520 |a Làm giảm mật số vi sinh vật trong nước thải nhà máy chế biến t6m sau giai đoạn thí nghiệm xử lý đạm và lân, không có dư lượng hóa chất sau khi xử lý. 
650 |a Factory and trade waste,Sewerage 
650 |x Purification,Purification 
904 |i dthtrang, Giang 
980 |a Trung tâm Học liệu Trường Đại học Cần Thơ